Šampóny pod stromček
Vývoj trhu vlasovej kozmetiky. Predaj a distribúcia. Merchandising vlasovej kozmetiky. Predajnosť jednotlivých segmentov vlasovej kozmetiky. Inovácie a trendy vlasovej kozmetiky.
Salvato in:
| Autore principale: | |
|---|---|
| Natura: | Capitolo di libro |
| Lingua: | slovacco |
| Soggetti: | |
| Tags: |
Nessun Tag, puoi essere il primo ad aggiungerne!!
|
MARC
| LEADER | 00000naa a2200000 4500 | ||
|---|---|---|---|
| 001 | r043306 | ||
| 005 | 20231004093739.7 | ||
| 041 | 0 | |a slo | |
| 044 | |a SK | ||
| 245 | 1 | 0 | |a Šampóny pod stromček |c Daniel Košťál |
| 520 | |a Vývoj trhu vlasovej kozmetiky. Predaj a distribúcia. Merchandising vlasovej kozmetiky. Predajnosť jednotlivých segmentov vlasovej kozmetiky. Inovácie a trendy vlasovej kozmetiky. | ||
| 610 | 2 | 0 | |a kozmetika |
| 610 | 2 | 0 | |a potreby toaletné |
| 610 | 2 | 0 | |a predaj |
| 610 | 2 | 0 | |a distribúcia |
| 610 | 2 | 0 | |a spotrebitelia |
| 610 | 2 | 0 | |a inovácia výrobkov |
| 610 | 2 | 0 | |a Slovensko |
| 100 | 1 | |a Košťál, Daniel | |